Polymerization of 9-allylcarbazole, epoxykarbazolylpropane and karbazolyltiiran; Bulletin of the Tomsk Polytechnic University; Vol. 311, № 3
| Parent link: | Bulletin of the Tomsk Polytechnic University/ Tomsk Polytechnic University (TPU).— , 2006-2007 Vol. 311, № 3.— 2007.— [P. 118-121] |
|---|---|
| مؤلفون آخرون: | , , , |
| الملخص: | Заглавие с титульного листа Электронная версия печатной публикации The ability to 9-allylcarbazole polymerization both with radical type activators and ion catalysts has been shown. The conditions were found and polymerization techniques of 9-allylcarbazole, 9-karbazolyltiiran and 9-epoxykarbazolylpropane were suggested |
| اللغة: | الإنجليزية |
| منشور في: |
2007
|
| سلاسل: | Chemistry |
| الموضوعات: | |
| الوصول للمادة أونلاين: | http://www.lib.tpu.ru/fulltext/v/Bulletin_TPU/2007/v311eng/i3/31.pdf |
| التنسيق: | MixedMaterials الكتروني فصل الكتاب |
| KOHA link: | https://koha.lib.tpu.ru/cgi-bin/koha/opac-detail.pl?biblionumber=183019 |
MARC
| LEADER | 00000nla2a2200000 4500 | ||
|---|---|---|---|
| 001 | 183019 | ||
| 005 | 20231031171437.0 | ||
| 035 | |a (RuTPU)RU\TPU\book\198396 | ||
| 035 | |a RU\TPU\book\198393 | ||
| 090 | |a 183019 | ||
| 100 | |a 20100630d2007 k y0rusy50 ca | ||
| 101 | 1 | |a eng |c rus | |
| 102 | |a RU | ||
| 135 | |a drnn ---uucaa | ||
| 200 | 1 | |a Polymerization of 9-allylcarbazole, epoxykarbazolylpropane and karbazolyltiiran |b Electronic resource |f N. M. Rovkina [et al.] | |
| 203 | |a Text |c electronic | ||
| 215 | |a 1 файл (214 Кб) | ||
| 225 | 1 | |a Chemistry | |
| 230 | |a Электронные текстовые данные (1 файл : 214 Кб) | ||
| 300 | |a Заглавие с титульного листа | ||
| 300 | |a Электронная версия печатной публикации | ||
| 320 | |a [Bibliography: p. 121 (11 titles)] | ||
| 330 | |a The ability to 9-allylcarbazole polymerization both with radical type activators and ion catalysts has been shown. The conditions were found and polymerization techniques of 9-allylcarbazole, 9-karbazolyltiiran and 9-epoxykarbazolylpropane were suggested | ||
| 337 | |a Adobe Reader | ||
| 461 | 1 | |0 (RuTPU)RU\TPU\book\169973 |t Bulletin of the Tomsk Polytechnic University |f Tomsk Polytechnic University (TPU) |d 2006-2007 | |
| 463 | 1 | |0 (RuTPU)RU\TPU\book\198345 |x 1684-8519 |t Vol. 311, № 3 |v [P. 118-121] |d 2007 |p 121 p. | |
| 610 | 1 | |a polymerization | |
| 610 | 1 | |a 9-allylcarbazole | |
| 610 | 1 | |a epoxykarbazolylpropane | |
| 610 | 1 | |a karbazolyltiiran | |
| 610 | 1 | |a activators | |
| 610 | 1 | |a catalysts | |
| 610 | 1 | |a techniques | |
| 610 | 1 | |a труды учёных ТПУ | |
| 610 | 1 | |a электронный ресурс | |
| 675 | |a 547.759.32 |v 3 | ||
| 675 | |a 678.02 |v 3 | ||
| 701 | 1 | |a Rovkina |b N. M. | |
| 701 | 1 | |a Batyrova |b L. M. | |
| 701 | 1 | |a Izergina |b N. V. | |
| 701 | 1 | |a Vatyuk |b E. I. | |
| 801 | 1 | |a RU |b 63413507 |c 20090623 |g PSBO | |
| 801 | 2 | |a RU |b 63413507 |c 20120418 |g PSBO | |
| 856 | 4 | |u http://www.lib.tpu.ru/fulltext/v/Bulletin_TPU/2007/v311eng/i3/31.pdf | |
| 942 | |c CF | ||